000 00640nam a22001817a 4500
003 UA-OsUOA
001 9947
007 ta
008 20041210b un ||||| |||| 00| 0 ukr d
100 _aБазилевський В.
942 _cSA
040 _aUA-OsUOA
_cUA-OsUOA
_dUA-OsUOA
245 _aФлейта - ім"я жіноче : [ Про збірку Т. Журби " Зимова флейта " ]
_cВ. Базилевський; М. Сом; Степан Колесник; Н. Гуменюк
300 _aС.6
955 _a0
773 0 _w0
_tЛітературна Украіна
_dКиїв
_d2004
_g№47
650 7 _aЖурба Т.
_2UDC
999 _c296108
_d296108